000 00219nam a2200109Ia 4500
999 _c7875
_d7875
020 _a978-0201633610
100 _aGamma, Helm
245 0 _aDesign Patterns
260 _aUSA
_bAddison
_c2000
300 _a395
942 _cBK